000 00647nam a22002057a 4500
003 CDMR
005 20151026134202.0
007 ta
008 131113s1983 xxu||||| |||| 00| 0 eng d
020 _a8486153034
024 _2DL
_aB425311983
040 _aCDMR
_bcat
_cCDMR
100 _92108
_aMartínez Albertos, José Luís
245 _aCurso General de Redacción periodística
_cJosé Luis Martínez Albertos
260 _aBarcelona
_bMirtre
_c1983
300 _a639 p.
490 _aPeriodismo en prensa, radio, televisió y cine .- Lenguaje, estilosy géneros periodísticos
650 _93772
_aPeriodisme--Manuals d'estil
942 _2udc
_cMON
999 _c6668
_d6668